Statistics for Counties of Connecticut

Click here to take the quiz!

General Stats

  • This quiz has been taken 37 times
  • The average score is 6 of 8

Answers on the Map

Answers color-coded by a green-red scale on the quiz's map according to % correct below.
Loading ...
 

Answer Stats

County% Correct
New Haven
94%
Hartford
94%
Litchfield
88%
New London
82%
Fairfield
82%
Middlesex
71%
Tolland
59%
Windham
59%

Score Distribution

Percentile by Number Answered

Percent of People with Each Score

Your Score History

You have not taken this quiz